000 00393nam a2200169Ia 4500
001 24038
003 IN-NITTTR
005 20251114233309.0
008 251113s9999||||xx |||||||||||||| ||eng||
040 _beng
040 _cIN-NITTTR
041 _aeng
082 _a006.6633 V82
100 _aSpenik, Mark
245 0 _aVisual basic 6 interactive course. /
_cSpenik, Mark
942 _2ddc
_cBK
999 _c26667
_d26667